|
|
|
|
| LEADER |
00000cam a2200000 a 4500 |
| 001 |
031079 |
| 003 |
UAHC_CL |
| 005 |
20170803123308.0 |
| 008 |
110407b xx j 000 1 eng |
| 040 |
|
|
|a UAHC_CL
|c UAHC_CL
|d UAHC_CL
|
| 245 |
1 |
0 |
|a Fin de la violencia hacia las mujeres del campo :
|b tribunal ético 2010 /
|c Anamuri.
|
| 246 |
2 |
|
|a Basta de violencia hacia las mujeres en el trabajo
|
| 260 |
|
|
|b ANAMURI
|a Chile
|c 2010
|
| 300 |
|
|
|a 1 videodisco
|
| 500 |
|
|
|a Documental.
|
| 650 |
|
4 |
|a CINE DOCUMENTAL
|z CHILE
|
| 650 |
|
4 |
|a VIOLENCIA
|x ASPECTOS SOCIALES
|z CHILE
|
| 650 |
|
4 |
|a TRABAJADORAS
|z CHILE
|
| 710 |
1 |
|
|a Asociación Nacional de Mujeres Rurales e Indígenas (Chile)
|
| 900 |
|
|
|a DVD-788
|
| 942 |
|
|
|c BK
|
| 952 |
|
|
|0 0
|1 0
|4 0
|6 DVD_788
|7 0
|8 Referencia
|9 60577
|a BC
|b BC
|c Referencia
|d 2017-08-03
|l 0
|o DVD-788
|p 1381021
|r 2021-12-01 00:00:00
|t 1
|w 2017-08-03
|y BK
|
| 999 |
|
|
|c 31079
|d 31079
|